|
|
|
|
| LEADER |
00000nam0a2200000 4500 |
| 001 |
271950 |
| 005 |
20231101234502.0 |
| 020 |
|
|
|a RU
|b 87-56018
|
| 035 |
|
|
|a (RuTPU)RU\TPU\book\295154
|
| 090 |
|
|
|a 271950
|
| 100 |
|
|
|a 20141014d1987 k y0rusy5003 ca
|
| 101 |
0 |
|
|a rus
|
| 102 |
|
|
|a RU
|
| 105 |
|
|
|a y z 001zy
|
| 200 |
1 |
|
|a Великий Октябрь и народы стран Центральной и Юго-Восточной Европы
|f Академия наук СССР (АН СССР), Институт славяноведения и балканистики (ИСБ) ; А. И. Пушкаша
|
| 210 |
|
|
|a Москва
|c Наука
|d 1987
|
| 215 |
|
|
|a 286 с.
|
| 320 |
|
|
|a Библиогр. в примеч. в конце глав
|
| 320 |
|
|
|a Указ. имен: с. 281-284
|
| 606 |
1 |
|
|a Октябрьская революция 1917 в России
|x Историческое значение
|2 stltpush
|3 (RuTPU)RU\TPU\subj\66161
|9 82375
|
| 606 |
1 |
|
|a Европа
|x История
|2 stltpush
|3 (RuTPU)RU\TPU\subj\67590
|9 83314
|
| 610 |
1 |
|
|a Великая Октябрьская социалистическая революция
|
| 610 |
1 |
|
|a коммунистические партии
|
| 610 |
1 |
|
|a революционное движение
|
| 610 |
1 |
|
|a рабочие партии
|
| 610 |
1 |
|
|a история
|
| 610 |
1 |
|
|a международное значение
|
| 610 |
1 |
|
|a 20 век
|
| 610 |
1 |
|
|a Центральная Европа
|
| 610 |
1 |
|
|a Юго-Восточная Европа
|
| 686 |
|
|
|a Т3(4)
|v LBC/SL-A
|2 rubbk
|
| 702 |
|
1 |
|a Пушкаш
|b А. И.
|g Андрей Иванович
|4 070
|
| 712 |
0 |
2 |
|a Академия наук СССР (АН СССР)
|b Институт славяноведения и балканистики (ИСБ)
|c (Москва)
|2 stltpush
|3 (RuTPU)RU\TPU\col\11355
|
| 801 |
|
0 |
|a RU
|b RuMRKP
|c 19960705
|g psbo
|
| 801 |
|
1 |
|a RU
|b 63413507
|c 20141014
|
| 801 |
|
2 |
|a RU
|b 63413507
|c 20170314
|g RCR
|
| 942 |
|
|
|c BK
|